| 000 | 00645nam a2200205 4500 | ||
|---|---|---|---|
| 003 | LK-CoMWRAF | ||
| 005 | 20230828121536.0 | ||
| 008 | 230818b2014 |||||||| |||| 00| 0 eng d | ||
| 020 | _a1842770942 | ||
| 040 |
_aLK-CoMWRAF _dLK-CoMWRAF _eLK-CoMWRAF |
||
| 041 | _aeng | ||
| 082 |
_a340.59 _b WOM |
||
| 245 |
_aWomen's rights and Islamic family law: _bperspectives on reform |
||
| 260 |
_aLondon: _b Zed Books, _c2014 |
||
| 300 |
_a300, 24cm _bBibliography and Index included. |
||
| 650 | _a DOMESTIC RELATIONS(ISLAMIC LAW) | ||
| 650 | _aWomen -Legal status, laws, etc. (Islamic law) | ||
| 700 |
_a Lynn Welchman _eed. |
||
| 942 |
_n0 _cBK |
||
| 999 |
_c3215 _d3215 |
||